History of economic throught (Record no. 6503)

MARC details
000 -LEADER
fixed length control field 00500cam a2200205ua 4500
008 - FIXED-LENGTH DATA ELEMENTS--GENERAL INFORMATION
fixed length control field 141209n ii |||gr||||Z||||||asm
020 ## - INTERNATIONAL STANDARD BOOK NUMBER
International Standard Book Number 9789382976080
040 ## - CATALOGING SOURCE
Transcribing agency MAIN
041 ## - LANGUAGE CODE
-- asm
082 ## - DEWEY DECIMAL CLASSIFICATION NUMBER
Classification number 330.1508
100 ## - MAIN ENTRY--PERSONAL NAME
Personal name Goswami, Sujata,
Relator term
245 1# - TITLE STATEMENT
Title History of economic throught
Statement of responsibility, etc. By Sujata Goswami
250 ## - EDITION STATEMENT
Edition statement 2nd.
260 ## - PUBLICATION, DISTRIBUTION, ETC.
Place of publication, distribution, etc. Golaghat:
Name of publisher, distributor, etc. Saraswati,
Date of publication, distribution, etc. 2013.
300 ## - PHYSICAL DESCRIPTION
Extent 279p.
942 ## - ADDED ENTRY ELEMENTS (KOHA)
Koha item type Books
653 ## - INDEX TERM--UNCONTROLLED
Uncontrolled term Economics
653 ## - INDEX TERM--UNCONTROLLED
Uncontrolled term History of economic thought
Holdings
Withdrawn status Lost status Damaged status Not for loan Home library Current library Shelving location Date acquired Total Checkouts Full call number Barcode Date due Date last seen Date last checked out Copy number Price effective from Koha item type
        Central Library, Naharkatiya College Central Library, Naharkatiya College General Stacks 19/09/2020 14 330.1508 | GOS 22144 08/04/2026 19/03/2026 19/03/2026 1 19/09/2020 Books

Naharkatiya College © 2020. All rights reserved.

Powered By